NBA 75 Players - Statistics

General Stats
  • This quiz has been taken 21 times
  • The average score is 38 of 76
Answer Stats
Retired Team Answer % Correct
active Bucks Giannis Antetokounmpo
100%
1989 Laker Kareem Abdul-Jabbar
88%
active Cavaliers LeBron James
88%
active Warriors Steph Curry
88%
active Thunder Kevin Durant
82%
active Nuggets Carmelo Anthony
76%
active Trailblazers Damian Lillard
76%
2019 Mavericks Dirk Nowitzki
76%
1974 Lakers Jerry West
76%
2004 Jazz Karl Malone
76%
1992 Celtics Larry Bird
76%
2003 Bulls Michael Jordan
76%
1995 76ers Moses Malone
76%
active Thunder Russell Westbrook
76%
active Rockets James Harden
71%
active Raptors Kawhi Leonard
71%
2016 Timberwolves Kevin Garnett
71%
2016 Lakers Kobe Bryant
71%
1974 Royals Oscar Robertson
71%
2016 Spurs Tim Duncan
71%
active Lakers Anthony Davis
65%
active Clippers Chris Paul
65%
2003 Jazz John Stockton
65%
1987 76ers Julius Erving
65%
1996 Lakers Magic Johnson
65%
2014 Bucks Ray Allen
65%
2004 Bulls Scottie Pippen
65%
2014 Suns Steve Nash
65%
1973 76ers Wilt Chamberlain
65%
1970 Celtics Bob Cousy
59%
2000 Suns Charles Barkley
59%
2003 Spurs David Robinson
59%
2000 Bulls Dennis Rodman
59%
1994 Pistons Isiah Thomas
59%
1969 Celtics Bill Russell
53%
2019 Heat Dwyane Wade
53%
1972 Lakers Elgin Baylor
53%
2002 Rockets Hakeem Olajuwon
53%
1993 Celtics Kevin McHale
53%
2017 Celtics Paul Pierce
53%
1980 Warriors Rick Barry
53%
2011 Lakers Shaquille O'Neal
53%
1967 Hawks Bob Pettit
47%
1998 Trailblazers Clyde Drexler
47%
1984 Bullets Elvin Hayes
47%
2007 SuperSonics Gary Payton
47%
1994 Lakers James Worthy
47%
2013 Nets Jason Kidd
47%
2005 Pacers Reggie Miller
47%
1987 Trailblazers Bill Walton
41%
1986 Spurs George Gervin
41%
2002 Knicks Patrick Ewing
41%
1964 76ers Dolph Schayes
35%
1999 Hawks Dominique Wilkins
35%
1956 Lakers George Mikan
35%
1978 Celtics John Havlicek
35%
1975 Hawks Lenny Wilkens
35%
1980 Knicks Walt Frazier
35%
2010 76ers Allen Iverson
29%
1980 Jazz Pete Maravich
29%
1997 Celtics Robert Parish
29%
1980 Knicks Earl Monroe
24%
1984 Royals Nate Archibald
18%
1974 Knicks Willis Reed
18%
1976 76ers Billy Cunningham
12%
1978 Pistons Dave Bing
12%
1983 Celtics Dave Cowens
12%
1973 76ers Hal Greer
12%
1977 Warriors Nate Thurmond
12%
1962 Warriors Paul Arizin
12%
1969 Celtics Sam Jones
12%
1974 Pistons Dave DeBusschere
6%
1981 Bullets Wes Unsled
6%
1961 Celtics Bill Sharman
0%
1986 Lakers Bob McAdoo
0%
1974 Royals Jerry Lucas
0%
No matching quizzes found
Score Distribution
Percent of People with Each Score
Percentile by Number Answered
Your Score History
You have not taken this quiz